MARC

LEADER 00000nam0a2200000 4500
001 281338
005 20231101235407.0
035 |a (RuTPU)RU\TPU\book\305048 
090 |a 281338 
100 |a 20150121d1986 m y0rusy50 ca 
101 0 |a rus  |a fre 
102 |a RU 
105 |a a j 000zy 
200 1 |a Учебник французского языка для II курса гуманитарных факультетов университетов  |f Ю. Н. Суслова [и др.] 
210 |a Москва  |c Высшая школа  |d 1986 
215 |a 312 с.  |c ил. 
606 1 |a Французский язык  |x Учебные руководства и пособия для вузов  |2 stltpush  |3 (RuTPU)RU\TPU\subj\16836  |9 42736 
610 1 |a лексика 
610 1 |a грамматика 
610 1 |a разговорная речь 
610 1 |a упражнения 
686 |a Ш147.11-923  |v LBC/SL-A  |2 rubbk 
701 1 |a Суслова  |b Ю. Н.  |g Юлия Ивановна 
701 1 |a Рыбалко  |b В. Н.  |g Виталий Николаевич 
701 1 |a Абрамова  |b В. А.  |g Ната Николаевна 
701 1 |a Рыкина  |b В. А.  |g Валерия Александровна 
801 1 |a RU  |b 63413507  |c 20150121 
801 2 |a RU  |b 63413507  |c 20170119  |g RCR 
942 |c BK